000 00997nam a2200325 a 4500
001 000044249
003 DO-SdBNP
005 20180323095342.0
007 000044249
008 140611s2010 dr ac 000 0 spa d
020 _a9789945429329
040 _aBPMSU
_bspa
_cBPMSU
082 4 _aRD863.5
_bC818u
092 _b
100 1 _aCorniel, Pavel,
_d1972-
245 1 3 _aLa uña del ogro /
_cPavel Corniel ; ilustración Sarid Soto.
260 _aSanto Domingo :
_bAfaguara Infantil,
_c2010.
300 _a33 p. :
_bil., retrs. ;
_c19 cm.
500 _aIncluye datos biográficos del autor p.[34]
650 _2
_a CUENTOS INFANTILES DOMINICANOS
650 _2
_aLITERATURA INFANTIL DOMINICANA
930 1 _l
_m
_8
_f
_p
_g
930 1 _l
_m
_8
_f
_p
_g
_h
942 _2ddc
_cBK
945 _aInventariado infantil / 2017 VM
956 _a
_b
_c
_l
_h
956 _a
_b
_c
_l
_h
956 _aVMATEO
_b10
_c20150511
_lBPMSU
_h00151
956 _aValidado. Control de calidad MFF
999 _c7841
_d7841